000 00281nam a22001337a 4500
008 171102b xxu||||| |||| 00| 0 eng d
020 _a2900324663524
041 _aeng
080 _a33
100 _a59
101 _aBUS
245 _aBUSINESS LAW
_cBEATTY,J.F
942 _2udc
_cBK
999 _c37258
_d37258